000 00615njm a2200181 i 4500
001 C2-0218269
003 PPAK
005 20180729152120.0
008 990724s1990 my |||| ||||| | may d
040 _aPPAK
_beng
_cPPAK
_erda
245 0 0 _aPeranan cendekiawan Islam Kedah dalam pembinaan tamadun bangsa
264 1 _aAlor Setar, Kedah :
_bPerbadanan Perpustakaan Awam Kedah ,
_c1990
336 _2rdacontent
_atext
337 _2rdamedia
_aunmediated
338 _2rdacarrier
_avolume
500 _aDirakam pada 18/11/90 ; Makalah 3 ; Tiada transkripsi ; Disampaikan oleh Puan Siti Fatimah Ali
942 _ddc
_cB
999 _c163150
_d163150